000 00630nam a2200193 a 4500
001 000046926
005 20201002053221.0
008 180406s2015 dr a 000 0 spa d
020 _a9789945123623
040 _aDO-SdBNP
_bspa
_cBNPHU
082 _axxxx
_bH557e
100 1 _aHernández Tejada, Margarita
_950027
245 1 0 _aEducación artística 1 :
_bnivel primario /
_cMargarita Hernández Tejada.
260 _aSanto Domingo :
_bSusaeta,
_c2015.
300 _a102, [104] p. :
_bil. ;
_c22 cm.
500 _aEnfoque por competencias. Nuevo currículo
504 _aBibliografía : p. [104]
590 _aInventariado, 2018/LP
999 _c46414
_d46414